000 00446nam a2200157 4500
001 106900
003 ES-MaACL
005 20230906184313.0
007 t|
008 061121s1938 sp r ||||1| spa d
100 1 _aMoreno Molina, Juan.
_983404
245 1 3 _aEl verdadero cristianismo /
_cpor Juan sin Tierra [seud.].
260 _aMadrid :
_bColegio de Huérfanos Cuerpo Seguridad,
_c1938.
300 _a86 p.
852 _aES-MaACL
_j1819-F-17
999 _c106900
_d106900